Państwa leżące w Alpach - Statystyki

Ogólne statystyki
  • Ten quiz został rozwiązany 14 razy
  • Średni wynik to 8 z 9
Statystyki odpowiedzi
Hint Odpowiedź % Poprawnych
7. Austria
100%
1. Francja
100%
6. Niemcy
100%
4. Szwajcaria
100%
3. Włochy
100%
5. Liechtenstein
93%
8. Słowenia
79%
2. Monako
57%
9. Węgry
57%
Nie znaleziono quizów pasujących do podanych kryteriów
Rozkład punktacji
Procent ludzi z każdym wynikiem
Percentyl według liczby udzielonych odpowiedzi
Twoja historia wyników
Nie rozwiązałeś tego quizu